Children with learning differences exploring artmaking to address deficit-laden perspectives

Actively listening and building bridges among students, teachers, and communities provides learners with authentic opportunities to be involved, invested, and ignite meaningful change. This book celebrates students' first-tellings of their experiences as 'students with differences' in...

Full description

Saved in:
Bibliographic Details
Other Authors Boske, Christa (Editor)
Format Electronic eBook
LanguageEnglish
Published Bingley, U.K : Emerald Publishing Limited : Information Age Publishing, Inc., [2024]
SeriesPromoting justice, diversity, and inclusivity through arts-based practices
Subjects
Online AccessFull text
ISBN9781806601349
DOI10.1108/9798887304007
Physical Description1 online resource (xx, 70 pages) : illustrations

Cover

LEADER 00000cam a2200000Ii 4500
001 em-9781806601349
003 UtOrBLW
005 20250607122956.2
006 m o d
007 cr |||||||||||
008 230809t20242024enka ob 000 0 eng
020 |a 9781806601349  |q (e-book) 
040 |a DLC  |b eng  |e rda  |c DLC  |d DLC 
080 |a 159.92 
082 0 4 |a 616.89/1656  |2 23 
245 0 0 |a Children with learning differences exploring artmaking to address deficit-laden perspectives /  |c [edited by] Christa Boske, Kent State University. 
264 1 |a Bingley, U.K :  |b Emerald Publishing Limited :  |b Information Age Publishing, Inc.,  |c [2024] 
264 4 |c ©2024 
300 |a 1 online resource (xx, 70 pages) :  |b illustrations 
336 |a text  |b txt  |2 rdacontent 
337 |a computer  |b c  |2 rdamedia 
338 |a online resource  |b cr  |2 rdacarrier 
490 0 |a Promoting justice, diversity, and inclusivity through arts-based practices 
504 |a Includes bibliographical references. 
505 0 |a Introduction: Using artmaking to express being misunderstood, undervalued, and marginalized -- Chapter 1. More feelings ... I'm laughing / Max Oeflein -- Chapter 2. Feeling in the middle / Hannah Cohen -- Chapter 3. Alone / Chloe Schlenk -- Chapter 4. Injustice / Amiah Robinson -- Chapter 5. Learning "dis-ability" / Hunter Langan -- Chapter 6. Make or break / Madison Gould -- Chapter 7. We have a lot to lose / Alex Sprenger -- Chapter 8. Conclusion: Integrating meaningful artmaking in schools. References. 
506 |a Plný text je dostupný pouze z IP adres počítačů Univerzity Tomáše Bati ve Zlíně nebo vzdáleným přístupem pro zaměstnance a studenty 
520 |a Actively listening and building bridges among students, teachers, and communities provides learners with authentic opportunities to be involved, invested, and ignite meaningful change. This book celebrates students' first-tellings of their experiences as 'students with differences' in schools. Throughout the authors' school experiences, they yearned for spaces to share their expertise, thoughts, ideas, talents, and aspirations. These authors emphasize the need to recognize student voice, which they contend, should permeate all levels of collaborative work in schools. These collaborations include, but are not limited to the integration of diverse assessments, differentiation, curriculum design, arts-based projects, inquiry, establishing school policies, and evaluating daily practices in schools.What students have to say matters. However, authors reiterate how often schools attempted to silence them, especially due to the label assigned to them: 'disabled.' How students learn matters. What students learn matters. Their untapped sense of wonderment plays a pertinent role in their growth and development. Together, these authors utilize artmaking to express how they navigate oppressive systems, such as school. They contend there is a need for K-12 students to co-create knowledge and build bridges among themselves, educators, families, and diverse communities. Their new ways of knowing through this artmaking process afforded them with a renewed relevance for learning and the need to promote authentic school reform. Bottom line: students matter. Their leadership, creativity, and capacity to think system-wide are essential to classroom, school, curriculum, and community needs. These young authors stress the need to continue this significant work and emphasize the power of student voice through artmaking. 
588 0 |a Print version record. 
650 0 |a Art therapy for children  |v Case studies. 
650 0 |a Art in education  |v Case studies. 
650 0 |a Children with disabilities  |x Education  |v Case studies. 
655 7 |a elektronické knihy  |7 fd186907  |2 czenas 
655 7 |a Case studies.  |2 lcgft  |0 https://id.loc.gov/authorities/genreForms/gf2017026140 
650 7 |a Psychology  |x Psychotherapy  |x Art & Music Therapy.  |2 bisacsh 
650 7 |a Therapy and therapeutics.  |2 thema 
650 7 |a Psychotherapy: general.  |2 thema 
655 9 |a electronic books  |2 eczenas 
700 1 |a Boske, Christa,  |e editor. 
776 0 8 |i Print version:  |z 9798887303994, 9798887303987 
776 0 8 |i PDF version:  |z 9798887304007 
856 4 0 |u https://proxy.k.utb.cz/login?url=https://doi.org/10.1108/9798887304007